Fuzzy C-means pre segmentáciu textúr

Na minha lista:
Detalhes bibliográficos
Autor principal: Osadský, Michal, 1983- (Author)
Outros Autores: Bandzi, Peter, 1980- (Thesis advisor)
Formato: Manuscrito Livro
Publicado em: Bratislava : STU v Bratislave FEI, 2008
Assuntos:
Tags: Adicionar Tag
Sem tags, seja o primeiro a adicionar uma tag!

MARC

LEADER 00000ntm a22000003a 4500
001 stu170651
005 20150617230014.9
008 080929s2008----------------------------d
040 |a STU  |b slo 
041 0
100 1 |a Osadský, Michal,  |d 1983-  |4 aut  |u E240  |U FEI Fakulta elektrotechniky a informatiky  |T FEI Katedra telekomunikácií  |X 11712  |U E240  |Y 72  |7 A000011712 
245 1 |a Fuzzy C-means pre segmentáciu textúr 
260 |a Bratislava :  |b STU v Bratislave FEI,  |c 2008 
300 |a 52 s 
650 7 |a Telekomunikácie  |2 stusub 
650 7 |a segmentácia textúr  |2 stusub 
700 1 |a Bandzi, Peter,  |d 1980-  |4 ths  |u E240  |U FEI Fakulta elektrotechniky a informatiky  |T FEI Katedra telekomunikácií  |X 10219  |U E240  |Y 72  |7 A000010219